Normal view
MARC view
- EVERILT, W. L,ANNER, G. E
Entry Personal Name
001 - CONTROL NUMBER
- control field: 56870
003 - CONTROL NUMBER IDENTIFIER
- control field: NUST
005 - DATE AND TIME OF LATEST TRANSACTION
- control field: 20210628201808.0
008 - FIXED-LENGTH DATA ELEMENTS
- fixed length control field: 210628|| aca||aabn | a|a d
040 ## - CATALOGING SOURCE
- Original cataloging agency: NUST
- Transcribing agency: NUST
100 ## - HEADING--PERSONAL NAME
- Personal name: EVERILT, W. L,ANNER, G. E
670 ## - SOURCE DATA FOUND
- Source citation: Work cat.: (NUST): EVERILT, W. L,ANNER, G. E, COMMUNICATIONS ENGINEERING, 1956
